[Event "World Blitz Women 2022"]
[Site "Almaty KAZ"]
[Date "2022.12.29"]
[Round "7.39"]
[White "Tereladze, Sopio"]
[Black "Mikheeva, Galina"]
[Result "1-0"]
[WhiteTitle "WIM"]
[BlackTitle "WFM"]
[WhiteElo "2215"]
[BlackElo "1969"]
[WhiteFideId "13600486"]
[BlackFideId "44108320"]
[EventDate "2022.12.29"]

1. e4 e5 2. Nf3 Nc6 3. Bb5 Nf6 4. O-O Nxe4 5. d4 Nd6 6. Bxc6 dxc6 7. dxe5 Nf5 8.
Qe2 Nd4 9. Nxd4 Qxd4 10. Nc3 Be6 11. Bg5 h6 12. Rad1 Qg4 13. Qxg4 Bxg4 14. Rd4
Bf5 15. Bf4 Bc5 16. Rd2 g5 17. Be3 Bxe3 18. fxe3 Bg6 19. Rfd1 Bf5 20. e4 Bg4 21.
Rf1 Ke7 22. h3 Be6 23. Ne2 Bc4 24. b3 Bxe2 25. Rxe2 Rad8 26. Ref2 Rh7 27. Kh2
Rd4 28. Re2 Ke6 29. c3 Rd3 30. Rf3 Rxf3 31. gxf3 Kxe5 32. Kg3 f6 33. Rd2 h5 34.
Rd8 Re7 35. Ra8 a6 36. Rb8 b6 37. Rh8 h4+ 38. Kg4 Ke6 39. Rh6 Kf7 40. Rh7+ Ke6
41. Rh6 Ke5 42. Rh8 a5 43. a3 Ke6 44. Rh6 Ke5 45. Rh5 Ke6 46. Rh8 Rd7 47. Re8+
Kf7 48. Rc8 Ke6 49. Re8+ Kf7 50. Rh8 Rd3 51. Rh7+ Ke6 52. Rxc7 Rxc3 53. b4 axb4
54. axb4 Rc4 55. Rc8 Kd7 56. Rf8 Rxb4 57. Rxf6 Rb5 58. Rh6 Re5 59. Rh7+ Kd6 60.
Rh6+ Kc5 61. Rg6 b5 62. Rxg5 Rxg5+ 63. Kxg5 b4 64. e5 b3 65. e6 b2 66. e7 b1=Q
67. e8=Q Qc1+ 68. f4 Qg1+ 69. Kh6 Qg3 70. Qe5+ Kb6 71. Qg5 Qxh3 72. f5 c5 73. f6
Qe6 74. Kg7 Qd7+ 75. f7 Qd4+ 76. Qf6+ Qxf6+ 77. Kxf6 1-0

[Event "World Blitz Women 2022"]
[Site "Almaty KAZ"]
[Date "2022.12.29"]
[Round "7.40"]
[White "Kaldarova, Ayaulym"]
[Black "Nurmanova, Alua"]
[Result "0-1"]
[BlackTitle "WIM"]
[WhiteElo "1832"]
[BlackElo "2191"]
[WhiteFideId "13720503"]
[BlackFideId "13729390"]
[EventDate "2022.12.29"]

1. Nf3 Nf6 2. c4 d6 3. g3 g6 4. Bg2 Bg7 5. O-O O-O 6. Nc3 e5 7. d3 Nc6 8. Rb1 a5
9. b3 Re8 10. h3 Be6 11. e4 h6 12. Be3 Nd7 13. d4 exd4 14. Nxd4 Nxd4 15. Bxd4
Bxd4 16. Qxd4 Ne5 17. Qd2 Bxh3 18. Qxh6 Be6 19. Nd5 Bxd5 20. exd5 Qf6 21. Qd2 a4
22. Rfe1 axb3 23. axb3 Kg7 24. Qc3 g5 25. b4 g4 26. Qc2 Rh8 27. Re4 Rae8 28. Rf4
Qg5 29. c5 Qh5 30. Qf5 Qh2+ 31. Kf1 Rh6 32. cxd6 cxd6 33. Qg5+ Rg6 34. Qh4 Qxh4
35. gxh4 Rh8 36. Rc1 Rxh4 37. Rc7 b5 38. Rb7 Rh8 39. Rxb5 Rc8 40. Rb7 Rc1+ 41.
Ke2 Rc2+ 42. Kf1 Rh6 43. Be4 Rc1+ 44. Kg2 Rhh1 45. Rf5 0-1

[Event "World Blitz Women 2022"]
[Site "Almaty KAZ"]
[Date "2022.12.29"]
[Round "7.41"]
[White "Kairbekova, Amina"]
[Black "Balakanova, Bakhyt"]
[Result "0-1"]
[WhiteTitle "WIM"]
[BlackTitle "WFM"]
[WhiteElo "2209"]
[BlackElo "2005"]
[WhiteFideId "13712799"]
[BlackFideId "13705881"]
[EventDate "2022.12.29"]

1. e4 Nf6 2. e5 Nd5 3. d4 d6 4. c4 Nb6 5. exd6 exd6 6. Nf3 Be7 7. Nc3 Bg4 8. h3
Bh5 9. b3 Nc6 10. Be2 Bf6 11. Be3 O-O 12. Ne4 Be7 13. d5 Bxf3 14. Bxf3 Ne5 15.
O-O f5 16. Nd2 f4 17. Bd4 Bf6 18. Rc1 Nbd7 19. Be4 Qe8 20. Ba1 Bg5 21. Nf3 Nxf3+
22. Bxf3 Ne5 23. Re1 Bf6 24. Kh1 Qg6 25. Be4 Qh6 26. Bxe5 Bxe5 27. Bf3 Rf6 28.
c5 Qh4 29. Qd2 Raf8 30. cxd6 Bxd6 31. Re6 h6 32. Qe2 Qg5 33. Rc4 a6 34. Rc1 b5
35. Qd2 Qh4 36. Qd3 Qxf2 37. Rf1 Qg3 38. Qd1 Rxe6 39. dxe6 Re8 40. Bd5 f3 41.
e7+ Kh8 42. Kg1 0-1

[Event "World Blitz Women 2022"]
[Site "Almaty KAZ"]
[Date "2022.12.29"]
[Round "7.42"]
[White "Druzhinina, Olga"]
[Black "Mikhaylova, Irina"]
[Result "1-0"]
[BlackTitle "WGM"]
[WhiteElo "2245"]
[BlackElo "2257"]
[WhiteFideId "4141911"]
[BlackFideId "4109040"]
[EventDate "2022.12.29"]

1. e4 c5 2. Nf3 Nc6 3. Bb5 Na5 4. c3 a6 5. Ba4 b5 6. Bc2 d6 7. h3 e6 8. O-O Be7
9. d4 cxd4 10. cxd4 Nf6 11. Qe2 Bb7 12. Rd1 Rc8 13. Bf4 Qc7 14. Bd3 Qd7 15. Nbd2
Nc4 16. b3 Nxd2 17. Bxd2 d5 18. Ne5 Qd8 19. exd5 Qxd5 20. Nf3 O-O 21. Rac1 Rxc1
22. Bxc1 Rd8 23. Bb2 Rc8 24. Qf1 Ne4 25. Re1 Nf6 26. Re5 Qd7 27. Re3 Qc6 28. Ne5
Qd5 29. Rg3 Bb4 30. h4 Bc3 31. Bxc3 Rxc3 32. Bxh7+ Nxh7 33. Rxc3 Qxd4 34. Re3
Nf6 35. Nf3 Qd5 36. Rd3 Qc6 37. Rd8+ Kh7 38. Ng5+ Kg6 39. Qb1+ Ne4 40. Nxe4 Qxe4
41. Qxe4+ Bxe4 42. f3 Bb1 43. a3 Bc2 44. b4 Ba4 45. Rd6 Kf5 46. Rxa6 g5 47. hxg5
Kxg5 48. Kf2 f5 49. Rxe6 Bb3 50. Re5 Bc4 51. Rc5 Bd3 52. g3 Kf6 53. Ke3 Bf1 54.
Kf4 Bd3 55. Rc6+ Ke7 56. Ke5 Kd7 57. Rf6 1-0

[Event "World Blitz Women 2022"]
[Site "Almaty KAZ"]
[Date "2022.12.29"]
[Round "7.43"]
[White "Khamdamova, Afruza"]
[Black "Assylkhan, Asiya"]
[Result "1-0"]
[WhiteTitle "WFM"]
[WhiteElo "2139"]
[BlackElo "1430"]
[WhiteFideId "14210444"]
[BlackFideId "13752707"]
[EventDate "2022.12.29"]

1. e4 c6 2. d4 d5 3. Nc3 dxe4 4. Nxe4 Bf5 5. Ng3 Bg6 6. Nf3 Nd7 7. h4 h6 8. Bd3
Bxd3 9. Qxd3 Ngf6 10. Bf4 Qc7 11. O-O-O e6 12. Bd2 O-O-O 13. Ne4 Nxe4 14. Kb1
Bd6 15. Qxe4 Rhe8 16. Rhe1 c5 17. c4 Nf6 18. Bc3 Qe7 19. Qe2 Kb8 20. g3 Rc8 21.
Ne5 g6 22. g4 1-0

[Event "World Blitz Women 2022"]
[Site "Almaty KAZ"]
[Date "2022.12.29"]
[Round "7.44"]
[White "Hajiyeva, Laman"]
[Black "Samaganova, Aleksandra"]
[Result "1-0"]
[WhiteTitle "WFM"]
[BlackTitle "WFM"]
[WhiteElo "2135"]
[BlackElo "1884"]
[WhiteFideId "13415875"]
[BlackFideId "13800221"]
[EventDate "2022.12.29"]

1. d4 Nf6 2. c4 e6 3. Nc3 Bb4 4. e3 b6 5. Bd3 Bb7 6. f3 c5 7. Ne2 O-O 8. O-O
cxd4 9. exd4 d5 10. Bg5 Be7 11. Qd2 Nc6 12. Rad1 Nb4 13. cxd5 Nxd3 14. Qxd3 Nxd5
15. Bd2 Qd7 16. a3 Rfd8 17. Ne4 h6 18. Nf4 Rac8 19. Nh5 Bc6 20. Qb1 Bb5 21. Rfe1
Ba4 22. b3 Bb5 23. a4 Ba6 24. Kh1 Qc6 25. Rc1 Qd7 26. Qb2 Rxc1 27. Rxc1 Rc8 28.
Rxc8+ Qxc8 29. Nhg3 Bd3 30. Nc3 Nb4 31. Nge4 Ba6 32. Qb1 Bd3 33. Qe1 Bc2 34. Qg3
Kf8 35. Qe5 f6 36. Qg3 Bxb3 37. Qg6 e5 38. Qh7 Bg8 39. Qg6 exd4 40. Bxh6 gxh6
41. Qxh6+ Ke8 42. Nb5 Nd3 43. Nbd6+ Bxd6 44. Nxd6+ Kd7 45. Nxc8 Kxc8 46. Qf8+
Kd7 47. Qxg8 1-0

[Event "World Blitz Women 2022"]
[Site "Almaty KAZ"]
[Date "2022.12.29"]
[Round "7.45"]
[White "Borisova, Ekaterina"]
[Black "Nomindalai, Tumurbaatar"]
[Result "0-1"]
[WhiteTitle "FM"]
[BlackTitle "CM"]
[WhiteElo "2223"]
[BlackElo "2132"]
[WhiteFideId "34124184"]
[BlackFideId "4904095"]
[EventDate "2022.12.29"]

1. d4 d6 2. Nf3 Nf6 3. c4 g6 4. g3 Bg7 5. Bg2 O-O 6. O-O c6 7. Nc3 Bf5 8. Ng5 e5
9. e4 Bg4 10. f3 Bc8 11. dxe5 dxe5 12. Be3 Nbd7 13. Nh3 Re8 14. Nf2 Bf8 15. Nd3
Qc7 16. Rc1 b6 17. b4 Rd8 18. Qe2 Be7 19. b5 cxb5 20. Nxb5 Qb8 21. Nc3 Nc5 22.
Nd5 Nxd5 23. exd5 Nxd3 24. Qxd3 Bf5 25. Qe2 Qc7 26. f4 Bc5 27. g4 Bxg4 28. Qf2
Bxe3 29. Qxe3 exf4 30. Rxf4 Bf5 31. d6 0-1

[Event "World Blitz Women 2022"]
[Site "Almaty KAZ"]
[Date "2022.12.29"]
[Round "7.46"]
[White "Martins de Aguiar, Marina"]
[Black "Foudzi, Siti Zulaikha"]
[Result "0-1"]
[BlackTitle "WIM"]
[WhiteElo "1877"]
[BlackElo "2136"]
[WhiteFideId "2143321"]
[BlackFideId "5700965"]
[EventDate "2022.12.29"]

1. e4 g6 2. d4 Bg7 3. Be3 d6 4. Nc3 a6 5. Nf3 Nc6 6. Qd2 b5 7. a3 Bb7 8. Bd3 e5
9. Be2 Nf6 10. dxe5 dxe5 11. Bg5 Qxd2+ 12. Nxd2 Nd4 13. Bd3 c5 14. b3 Rd8 15.
Ne2 Nxe2 16. Kxe2 h6 17. Bh4 g5 18. Bg3 Nh5 19. Nf3 Nf4+ 20. Bxf4 exf4 21. Rad1
O-O 22. h3 Rfe8 23. Nd2 Bc3 24. f3 f5 25. h4 Bxd2 26. Rxd2 fxe4 27. fxe4 Bxe4
28. Kf2 Bxd3 29. cxd3 Re3 30. hxg5 hxg5 31. Rh5 Rd5 32. Rd1 Kg7 33. Rd2 Kg6 34.
Rh8 Rdxd3 35. Rc2 Rxb3 36. Rxc5 Rb2+ 37. Kf1 Rxa3 38. Rc1 Kf5 39. Rf8+ Kg4 40.
Rfc8 Raa2 41. R8c3 Rf2+ 42. Kg1 Rxg2+ 43. Kf1 Rh2 44. Kg1 f3 45. Rc5 Rag2+ 0-1

[Event "World Blitz Women 2022"]
[Site "Almaty KAZ"]
[Date "2022.12.29"]
[Round "7.47"]
[White "Sultanbek, Zeinep"]
[Black "Balakanova, Gulnar"]
[Result "1-0"]
[WhiteTitle "WIM"]
[BlackTitle "WFM"]
[WhiteElo "1891"]
[BlackElo "1743"]
[WhiteFideId "13710419"]
[BlackFideId "13705890"]
[EventDate "2022.12.29"]

1. Nf3 Nf6 2. g3 g6 3. Bg2 Bg7 4. O-O O-O 5. c4 c6 6. d4 d5 7. cxd5 cxd5 8. Ne5
Nc6 9. Nxc6 bxc6 10. Nc3 Nd7 11. Be3 e5 12. Rc1 e4 13. Na4 Bb7 14. Nc5 Nxc5 15.
Rxc5 f5 16. b3 g5 17. Qd2 h6 18. h4 Bf6 19. hxg5 hxg5 20. Bh3 g4 21. Bg2 Rf7 22.
Rfc1 Qe8 23. Bf4 Rh7 24. e3 Be7 25. R5c2 Rc8 26. Qa5 a6 27. Qb6 Qd7 28. Qa5 Bd8
29. Qb4 Be7 30. Qd2 Qe6 31. b4 Kf7 32. a4 Rch8 33. b5 cxb5 34. axb5 axb5 35. Rc7
Ba8 36. Bg5 Kg6 37. Bf4 Bd6 38. Bxd6 Qxd6 39. Rc8 Rxc8 40. Rxc8 Bb7 41. Rc5 Rc7
42. Rxb5 Ba6 43. Rb1 Qc6 44. Qa5 Bd3 45. Rb6 1-0

[Event "World Blitz Women 2022"]
[Site "Almaty KAZ"]
[Date "2022.12.29"]
[Round "7.49"]
[White "Chen, Jocelyn"]
[Black "Madi, Aidana"]
[Result "1-0"]
[WhiteTitle "WCM"]
[WhiteElo "1854"]
[BlackElo "1583"]
[WhiteFideId "30947154"]
[BlackFideId "13722689"]
[EventDate "2022.12.29"]

1. e4 c5 2. Nf3 d6 3. d4 cxd4 4. Nxd4 Nf6 5. Nc3 a6 6. f3 e5 7. Nb3 Be7 8. Be3
Be6 9. Qd2 Nbd7 10. O-O-O b5 11. g4 b4 12. Nd5 Bxd5 13. exd5 a5 14. Kb1 a4 15.
Nc1 Rb8 16. Bc4 Nb6 17. Bb5+ Nfd7 18. Bxb6 Rxb6 19. Bxa4 O-O 20. Bxd7 Qxd7 21.
Nb3 Ra8 22. h4 Qa7 23. Nc1 Ra6 24. Qxb4 Rb8 25. Qc3 e4 26. g5 Rab6 27. Nb3 Ra8
28. a3 Qb7 29. fxe4 Rc8 30. Qd3 Qa7 31. Rdg1 Rcb8 32. h5 Qa4 33. Ka2 Rc8 34. h6
g6 35. Qd4 Qxd4 36. Nxd4 Rcb8 37. b4 Ra8 38. Kb3 Rba6 39. Nb5 Rb6 40. c4 Kf8 41.
a4 Ke8 42. a5 Rb7 43. Rg2 Kd7 44. Re1 1-0

[Event "World Blitz Women 2022"]
[Site "Almaty KAZ"]
[Date "2022.12.29"]
[Round "8.1"]
[White "Shuvalova, Polina"]
[Black "Gunina, Valentina"]
[Result "0-1"]
[WhiteTitle "IM"]
[BlackTitle "GM"]
[WhiteElo "2502"]
[BlackElo "2476"]
[WhiteFideId "24171760"]
[BlackFideId "4167570"]
[EventDate "2022.12.29"]

1. d4 d5 2. Nf3 Nf6 3. Bf4 c5 4. e3 Nc6 5. Nbd2 Qb6 6. dxc5 Qxb2 7. Rb1 Qc3 8.
Bb5 g6 9. e4 dxe4 10. Be5 Qa5 11. Bxf6 exf6 12. O-O exf3 13. Nc4 Qc7 14. Qxf3
Be7 15. Na5 Qxa5 16. Bxc6+ Kf8 17. Bxb7 Bxb7 18. Qxb7 Re8 19. c6 Kg7 20. Rfd1
Bd6 21. g3 Re6 22. Rb5 Qc3 23. Rbd5 Rb8 24. Qxa7 Qxc6 25. Qd4 Be5 26. Qd3 Rb2
27. c4 Rxa2 28. c5 h5 29. Qc4 Ra4 30. Qd3 h4 31. f4 Bb8 32. Qd2 Rc4 33. Qf2 Ba7
34. Kf1 Rxc5 35. Rxc5 Bxc5 36. Qg2 Qb5+ 0-1

[Event "World Blitz Women 2022"]
[Site "Almaty KAZ"]
[Date "2022.12.29"]
[Round "8.2"]
[White "Lagno, Kateryna"]
[Black "Assaubayeva, Bibisara"]
[Result "1/2-1/2"]
[WhiteTitle "GM"]
[BlackTitle "IM"]
[WhiteElo "2563"]
[BlackElo "2440"]
[WhiteFideId "14109336"]
[BlackFideId "13708694"]
[EventDate "2022.12.29"]

1. e4 c5 2. Nf3 d6 3. d4 cxd4 4. Nxd4 Nf6 5. Nc3 a6 6. Be2 e5 7. Nb3 Be7 8. Be3
Be6 9. O-O O-O 10. Re1 Nbd7 11. a4 Qc7 12. a5 Rfc8 13. Qd3 h6 14. h3 Qc6 15.
Red1 Rab8 16. Rd2 Qc7 17. Nd5 Bxd5 18. exd5 e4 19. Qd4 Ne5 20. Ra4 Qd7 21. Rb4
Bd8 22. c4 Qf5 23. Rd1 Nfd7 24. Qd2 Qg6 25. Kh1 Bg5 26. Nd4 Nc5 27. Rb6 Na4 28.
Rb4 Nc5 29. Rb6 Na4 30. Rb4 Nc5 1/2-1/2

[Event "World Blitz Women 2022"]
[Site "Almaty KAZ"]
[Date "2022.12.29"]
[Round "8.3"]
[White "Paehtz, Elisabeth"]
[Black "Goryachkina, Aleksandra"]
[Result "0-1"]
[WhiteTitle "GM"]
[BlackTitle "GM"]
[WhiteElo "2464"]
[BlackElo "2584"]
[WhiteFideId "4641833"]
[BlackFideId "4147103"]
[EventDate "2022.12.29"]

1. d4 d5 2. Bf4 c5 3. e3 Nc6 4. Nf3 Nf6 5. Nbd2 cxd4 6. exd4 Qb6 7. Nb3 Bg4 8.
Be2 e6 9. O-O Be7 10. h3 Bh5 11. a4 a5 12. c3 O-O 13. Nfd2 Bxe2 14. Qxe2 Qd8 15.
Nf3 Ne4 16. Nbd2 Nxd2 17. Qxd2 Bd6 18. Bxd6 Qxd6 19. Qe2 Rfe8 20. Rfe1 Qc7 21.
Qd3 Qb6 22. Re2 h6 23. Rae1 Qb3 24. Ra1 Qb6 25. Nh2 Ne7 26. Ng4 Ng6 27. g3 Qd6
28. Rae1 Qc6 29. Qc2 b5 30. axb5 Qxb5 31. h4 a4 32. h5 Ne7 33. Qd2 Nf5 34. Ne5
a3 35. bxa3 Rxa3 36. g4 Nd6 37. f3 Qa5 38. Re3 Rc8 39. Rc1 Ra2 40. Rc2 Rxc2 41.
Qxc2 Qa1+ 42. Kg2 Ra8 43. Re2 Rc8 44. Re3 Rb8 45. Re2 Rb1 46. Kf2 Rf1+ 47. Ke3
Rc1 48. Qa2 Qxc3+ 49. Kf2 Qxd4+ 50. Re3 Rc3 51. Qe2 Rxe3 52. Qxe3 Qxe3+ 53. Kxe3
Nc4+ 54. Nxc4 dxc4 55. Kd4 g6 56. Kxc4 gxh5 57. gxh5 Kg7 58. Kd4 Kf6 59. f4 Kf5
60. Ke3 Kg4 61. Kd4 0-1

[Event "World Blitz Women 2022"]
[Site "Almaty KAZ"]
[Date "2022.12.29"]
[Round "8.4"]
[White "Harika, Dronavalli"]
[Black "Arabidze, Meri"]
[Result "1-0"]
[WhiteTitle "GM"]
[BlackTitle "IM"]
[WhiteElo "2507"]
[BlackElo "2427"]
[WhiteFideId "5015197"]
[BlackFideId "13604040"]
[EventDate "2022.12.29"]

1. c4 e6 2. g3 d5 3. Bg2 Nf6 4. Nf3 Be7 5. O-O O-O 6. b3 b6 7. Bb2 Bb7 8. e3 c5
9. Nc3 Nbd7 10. Qe2 Qc7 11. Rac1 Rac8 12. Rfd1 Qb8 13. cxd5 Nxd5 14. Nxd5 Bxd5
15. e4 Bb7 16. d4 cxd4 17. Nxd4 Rxc1 18. Rxc1 Rc8 19. Rd1 Nc5 20. e5 Bxg2 21.
Kxg2 Qb7+ 22. Qf3 Qxf3+ 23. Kxf3 a6 24. Ba3 Kf8 25. Rc1 Rd8 26. Nc6 Rd5 27. Nxe7
Kxe7 28. Bxc5+ bxc5 29. Ke4 f6 30. f4 Rd4+ 31. Ke3 Rd5 32. exf6+ gxf6 33. Rc4
Kd7 34. Ra4 Rd6 35. Ra5 Rc6 36. Ra4 Kc7 37. g4 Kb6 38. h4 Rd6 39. g5 fxg5 40.
fxg5 Rd1 41. Re4 Rh1 42. Rxe6+ Kb5 43. Rh6 a5 44. Rxh7 a4 45. g6 Rg1 46. bxa4+
Kxa4 47. h5 c4 48. Rc7 Kb4 49. g7 c3 50. h6 Rg6 51. h7 1-0

[Event "World Blitz Women 2022"]
[Site "Almaty KAZ"]
[Date "2022.12.29"]
[Round "8.5"]
[White "Tan, Zhongyi"]
[Black "Fataliyeva, Ulviyya"]
[Result "1-0"]
[WhiteTitle "GM"]
[BlackTitle "IM"]
[WhiteElo "2518"]
[BlackElo "2428"]
[WhiteFideId "8603642"]
[BlackFideId "13403052"]
[EventDate "2022.12.29"]

1. d4 e6 2. c4 Nf6 3. Nf3 d5 4. Nc3 Be7 5. Bf4 O-O 6. e3 Nbd7 7. c5 c6 8. Bd3 b6
9. b4 a5 10. a3 Ba6 11. O-O Qc8 12. h3 Qb7 13. Qc2 Bxd3 14. Qxd3 h6 15. Rfb1
axb4 16. axb4 b5 17. Nd2 Rxa1 18. Rxa1 Ra8 19. Qb1 Ra6 20. Nb3 Bd8 21. Na5 Qa8
22. Ra2 Bxa5 23. Qa1 Nb8 24. Bxb8 Qxb8 25. Rxa5 Rxa5 26. Qxa5 Qb7 27. Ne2 Kh7
28. Nf4 Nd7 29. Qd8 Nb8 30. Nh5 Na6 31. Qf8 f6 32. Nf4 e5 33. dxe5 fxe5 34. Qf5+
Kg8 35. Qxe5 Nxb4 36. h4 Kf7 37. Qe6+ Kf8 38. Ng6# 1-0

[Event "World Blitz Women 2022"]
[Site "Almaty KAZ"]
[Date "2022.12.29"]
[Round "8.6"]
[White "Munkhzul, Turmunkh"]
[Black "Kosteniuk, Alexandra"]
[Result "0-1"]
[WhiteTitle "WIM"]
[BlackTitle "GM"]
[WhiteElo "2318"]
[BlackElo "2520"]
[WhiteFideId "4901878"]
[BlackFideId "4128125"]
[EventDate "2022.12.29"]

1. e4 c6 2. d4 d5 3. e5 c5 4. dxc5 e6 5. a3 Bxc5 6. b4 Be7 7. Nf3 Nc6 8. Bd3 f6
9. Bb2 Nh6 10. O-O O-O 11. Nbd2 Ng4 12. exf6 Bxf6 13. Bxf6 Qxf6 14. h3 Nge5 15.
Nxe5 Nxe5 16. Qe2 Nxd3 17. Qxd3 Bd7 18. c4 Bc6 19. Rae1 Rad8 20. c5 a6 21. Nf3
Bb5 22. Qe3 Bxf1 23. Kxf1 d4 24. Qd3 Rd5 25. Re4 Rfd8 26. Nd2 Rf5 27. f3 Re5 28.
Rg4 Re3 29. Qc4 d3 30. Kg1 Qa1+ 31. Kh2 Qe5+ 32. f4 Qd5 33. Qc3 Qd4 34. Qb3 Re2
35. Nf3 Qf6 36. Qd1 Re4 37. Qd2 h5 38. Rh4 Re2 39. Qd1 Qb2 40. Ne1 Qd2 41. Qxd2
Rxd2 42. Rxh5 Re2 43. Nf3 d2 0-1

[Event "World Blitz Women 2022"]
[Site "Almaty KAZ"]
[Date "2022.12.29"]
[Round "8.7"]
[White "Tania, Sachdev"]
[Black "Dzagnidze, Nana"]
[Result "1/2-1/2"]
[WhiteTitle "IM"]
[BlackTitle "GM"]
[WhiteElo "2389"]
[BlackElo "2517"]
[WhiteFideId "5007844"]
[BlackFideId "13601903"]
[EventDate "2022.12.29"]

1. d4 Nf6 2. c4 e6 3. Nf3 d5 4. Nc3 Bb4 5. Qa4+ Nc6 6. a3 Bxc3+ 7. bxc3 Ne4 8.
e3 O-O 9. Qc2 Na5 10. Bd3 Nf6 11. cxd5 exd5 12. O-O c5 13. dxc5 Qc7 14. c4 dxc4
15. Bxc4 Nxc4 16. Qxc4 Be6 17. Qc2 Rfc8 18. Bb2 Qxc5 19. Qxc5 Rxc5 20. Bxf6 gxf6
21. Rfc1 Rac8 22. Rxc5 Rxc5 23. Nd4 Kf8 24. Kf1 Ke7 25. Ke1 Rh5 26. h3 Rg5 27.
Rb1 Bc8 28. g4 h5 29. f3 Ra5 30. Rb3 Kd8 31. Kd2 Rc5 32. Nb5 a6 33. Nd6 Rc7 34.
Ne4 Ke7 35. Ng3 hxg4 36. hxg4 b5 37. Ne4 Be6 38. Rc3 Rxc3 39. Kxc3 f5 40. gxf5
Bxf5 41. Nc5 Bc8 42. Kd4 Kd6 43. e4 f6 44. f4 a5 45. e5+ fxe5+ 46. fxe5+ Kc6 47.
Nb3 Kb6 48. Nc5 Kc6 49. Nb3 Kb6 1/2-1/2

[Event "World Blitz Women 2022"]
[Site "Almaty KAZ"]
[Date "2022.12.29"]
[Round "8.8"]
[White "Omonova, Umida"]
[Black "Danielian, Elina"]
[Result "0-1"]
[WhiteTitle "WFM"]
[BlackTitle "GM"]
[WhiteElo "2052"]
[BlackElo "2431"]
[WhiteFideId "14210363"]
[BlackFideId "13300210"]
[EventDate "2022.12.29"]

1. e4 d6 2. d4 g6 3. Nf3 Bg7 4. Be2 Nd7 5. O-O a6 6. Re1 e6 7. Nbd2 b6 8. a4 Bb7
9. c3 Ne7 10. Bd3 O-O 11. h3 c5 12. dxc5 Nxc5 13. Bc2 Qc7 14. Qe2 Rac8 15. Nf1
Rfd8 16. Bf4 Qb8 17. Rad1 h6 18. Qd2 Kh7 19. Bxd6 Qa8 20. Qe2 Ng8 21. Ng3 Bc6
22. Bxc5 bxc5 23. Qe3 Qb7 24. Rb1 Nf6 25. Nd2 Kg8 26. Nc4 Qe7 27. Red1 h5 28. f3
Kh7 29. Ne2 Bh6 30. f4 e5 31. Qf3 exf4 32. Nxf4 Bxe4 33. Bxe4 Qxe4 34. Qxe4 Nxe4
35. Nd5 Kg7 36. Ncb6 Rc6 37. Re1 Nd2 38. Rbd1 Rcd6 39. c4 Nxc4 40. Nxc4 Rxd5 41.
Rxd5 Rxd5 42. Re7 Bg5 43. Ra7 Rd4 44. Ne5 Rd1+ 45. Kf2 Bh4+ 46. Ke2 Rb1 47.
Rxf7+ Kg8 48. Rb7 Bf6 49. Nd7 Bd4 50. Kd3 Rg1 51. b4 Rd1+ 52. Kc4 cxb4 53. Rxb4
Be3 54. Nf6+ Kf7 55. Nd5 Bf2 56. Rb7+ Ke6 57. Re7+ Kd6 58. Rf7 Rd4+ 59. Kc3 Kxd5
60. Rxf2 Rxa4 61. Rf6 Ra3+ 62. Kd2 Ra2+ 63. Ke3 Rxg2 64. Rxa6 Ke5 65. Kf3 Rg5
66. Ra5+ Kf6 67. Rxg5 Kxg5 68. Kg3 Kf5 69. Kf3 g5 70. Ke3 Ke5 71. Kf3 Kd4 72. h4
g4+ 73. Kf4 Kd5 74. Kg5 g3 75. Kxh5 g2 0-1

[Event "World Blitz Women 2022"]
[Site "Almaty KAZ"]
[Date "2022.12.29"]
[Round "8.9"]
[White "Khademalsharieh, Sarasadat"]
[Black "Frayna, Janelle Mae"]
[Result "1/2-1/2"]
[WhiteTitle "IM"]
[BlackTitle "WGM"]
[WhiteElo "2490"]
[BlackElo "2265"]
[WhiteFideId "12512214"]
[BlackFideId "5212499"]
[EventDate "2022.12.29"]

1. d4 Nf6 2. c4 e6 3. Nc3 d5 4. cxd5 exd5 5. Bg5 Be7 6. e3 c6 7. Bd3 O-O 8. Qc2
h6 9. Bh4 Re8 10. Nge2 Nbd7 11. O-O Ne4 12. Bxe7 Qxe7 13. Rae1 Ndf6 14. f3 Nxc3
15. Nxc3 c5 16. dxc5 Qxc5 17. Nb5 Qxc2 18. Bxc2 Re7 19. Kf2 Bd7 20. Nd4 Rc8 21.
Rc1 Kf8 22. Bb3 Ree8 23. Rfd1 Rxc1 24. Rxc1 Rc8 25. Rxc8+ Bxc8 26. Nb5 Bd7 27.
Nxa7 Ke7 28. a4 Kd6 29. Ke2 Kc5 30. Kd3 Kb4 31. Bc2 Bf5+ 32. Kd2 Bxc2 33. Kxc2
Kxa4 34. Nc8 Kb4 35. Nd6 b5 36. Nxf7 Nd7 37. Nd8 Ne5 38. Ne6 Nc4 39. e4 dxe4 40.
fxe4 g5 41. g3 Ne3+ 42. Kd3 Ng4 43. h4 gxh4 44. gxh4 Nf2+ 45. Ke3 Nd1+ 46. Kd4
Nxb2 47. e5 Nc4 48. Nf4 Ka3 49. e6 Nd6 50. Ke5 Ne8 51. e7 b4 52. Nd3 b3 53. Ke6
Ka2 54. Nc1+ Kb2 55. Nxb3 Kxb3 56. Kf7 Nd6+ 57. Ke6 Ne8 58. h5 Kc4 59. Kf7 Nd6+
60. Kg6 Kd5 61. Kxh6 Ke6 62. Kg6 Kxe7 63. h6 Kf8 64. h7 Nf7 65. Kf6 Nh8 1/2-1/2

[Event "World Blitz Women 2022"]
[Site "Almaty KAZ"]
[Date "2022.12.29"]
[Round "8.10"]
[White "Buksa, Nataliya"]
[Black "Stefanova, Antoaneta"]
[Result "1/2-1/2"]
[WhiteTitle "IM"]
[BlackTitle "GM"]
[WhiteElo "2405"]
[BlackElo "2442"]
[WhiteFideId "14123622"]
[BlackFideId "2902257"]
[EventDate "2022.12.29"]

1. e4 e5 2. Nf3 Nc6 3. Bc4 Bc5 4. c3 Nf6 5. d4 exd4 6. e5 d5 7. Bb5 Ne4 8. cxd4
Bb6 9. Nc3 O-O 10. Be3 f5 11. exf6 Rxf6 12. Rc1 Ba5 13. O-O Bxc3 14. bxc3 Bg4
15. Be2 Ne7 16. Ne5 Bxe2 17. Qxe2 Nf5 18. f3 Nxe3 19. Qxe3 Nd6 20. Rce1 Re6 21.
Qf4 Qf8 22. Qg4 Qf5 23. Qxf5 Nxf5 24. Kf2 b6 25. a4 Rae8 26. g4 Nd6 27. Re2 a5
28. Rfe1 b5 29. axb5 Nxb5 30. Ra2 Ra6 31. Rc1 c5 32. Ke3 c4 33. Kd2 a4 34. Rb1
Nd6 35. Ra3 Nf7 36. f4 Rh6 37. Rh1 Ra8 38. h4 Nd6 39. g5 Ne4+ 40. Kc2 Rb6 41.
Rha1 Rba6 42. f5 h6 43. gxh6 gxh6 44. Rg1+ Kf8 45. Rg6 Rxg6 46. fxg6 Kg7 47. Nd7
Kxg6 48. Nb6 Rd8 49. Rxa4 Rd6 50. Nc8 Re6 51. Ra5 Nf6 52. Rb5 Re2+ 53. Kd1 Re3
54. Kd2 Rd3+ 55. Kc2 Kf5 56. Nb6 Ke4 57. Rc5 Rh3 58. Rc6 Ng4 59. Re6+ Kf5 60.
Re8 Nf6 61. Rf8 Ke6 62. Rc8 Rxh4 63. Rc6+ Kf5 64. Rd6 Rh2+ 65. Kc1 Ne4 66. Rxd5+
Kf4 67. Rd8 Nxc3 68. Nxc4 Ne4 69. Rf8+ Kg3 70. d5 Rh5 71. Ne3 Re5 72. Rf5 Rxf5
73. Nxf5+ Kf4 74. Nxh6 Ke5 1/2-1/2